Provincias atravesadas por el Ebro con un mapa vacío - Estadísticas

Estadísticas generales
  • Esta prueba ha sido intentada 3.457 veces
  • La puntuación promedio es 9 de 10
Respuestas en el mapa
Las respuestas están codificadas por una escala verde-roja en el mapa de la prueba según el % correcto abajo.
 
Estadísticas de respuestas
Provincia % Correcto
Zaragoza
97%
Navarra
96%
Tarragona
96%
La Rioja
95%
Lérida
94%
Huesca
93%
Cantabria
91%
Burgos
89%
Álava
88%
Palencia
86%
No se encontraron pruebas coincidentes
Distribución de puntuación
Porcentaje de gente con cada puntuación
Porcentaje por número respondido
Historial de tus puntuaciones
No has intentado esta prueba.